Music Quiz

Random Music Quiz
Score 0/20 Timer 05:00
0 Plays Today
Country & Year Song % Correct
Switzerland 1956Refrain
92%
San Marino 2017Spirit of the Night
86%
San Marino 2013Crisalide (Vola)
84%
San Marino 2012The Social Network Song (Oh Oh-Uh-Oh-Oh)
82%
San Marino 2014Maybe (Forse)
82%
Norway 1985La det Swinge
64%
Switzerland 1958Giorgio
54%
Norway 1996I evighet
42%
Switzerland 1981Io senza te
34%
Norway 1994Duett
34%
Country & Year Song % Correct
Switzerland 1956Das Alte Karussell
30%
Belgium 1962Ton nom
28%
Switzerland 1976Djambo, Djambo
28%
Switzerland 1979Trödler und Co.
28%
Sweden 1982Dag efter Dag
26%
Belgium 1958Ma petite chatte
22%
Switzerland 1957L'enfant que j'étais
18%
Switzerland 1971Les illusions de nos vingt ans
16%
Belgium 1956Messieurs les noyés de la Seine
14%
Belgium 1960Mon amour pour toi
12%
Remove Ads.
Support Sporcle.
Get the best of Sporcle when you Go Orange. This ad-free experience offers more features, more stats, and more fun while also helping to support Sporcle. Thank you for becoming a member.

You're not logged in!

Compare scores with friends on all Sporcle quizzes.
OR
Log In

Sporcle TV

Today on Sporcle TV


Watch our educational content, quiz creation guides, and fun videos on Sporcle TV.

Show Comments

Extras

Top Quizzes Today


Score Distribution

Paid Content

Your Account Isn't Verified!

In order to create a playlist on Sporcle, you need to verify the email address you used during registration. Go to your Sporcle Settings to finish the process.

Report this User

Report this user for behavior that violates our Community Guidelines.

Details: